Práceneschopnosť a nemocenské dávky
Uznávanie dočasnej pracovnej neschopnosti a poskytovanie nemocenského. Dočasná pracovná neschopnosť zamestnanca. Náhrada príjmu pri dočasnej pracovnej neschopnosti zamestnanca. Nemocenské dávky zamestnanca. Dočasná pracovná neschopnosť samostatne zárobkovo činnej osoby. Dočasná pracovná neschopnosť...
Saved in:
| Main Author: | |
|---|---|
| Format: | Book Chapter |
| Language: | Slovak |
| Subjects: | |
| Tags: |
No Tags, Be the first to tag this record!
|
MARC
| LEADER | 00000naa a2200000 4500 | ||
|---|---|---|---|
| 001 | 0259729 | ||
| 005 | 20191118133633.4 | ||
| 041 | 0 | |a slo | |
| 044 | |a SK | ||
| 245 | 1 | 0 | |a Práceneschopnosť a nemocenské dávky |c Eva Gášpárová |
| 520 | |a Uznávanie dočasnej pracovnej neschopnosti a poskytovanie nemocenského. Dočasná pracovná neschopnosť zamestnanca. Náhrada príjmu pri dočasnej pracovnej neschopnosti zamestnanca. Nemocenské dávky zamestnanca. Dočasná pracovná neschopnosť samostatne zárobkovo činnej osoby. Dočasná pracovná neschopnosť dobrovoľne nemocensky poistenej osoby. Praktické príklady. | ||
| 610 | 2 | 0 | |a zamestnanci |
| 610 | 2 | 0 | |a osoby samostatne zárobkovo činné |
| 610 | 2 | 0 | |a poistenie nemocenské |
| 610 | 2 | 0 | |a práceneschopnosť |
| 610 | 2 | 0 | |a náhrada mzdy |
| 610 | 2 | 0 | |a nemocenské |
| 610 | 2 | 0 | |a poistenie dobrovoľné |
| 610 | 2 | 0 | |a poisťovne sociálne |
| 610 | 2 | 0 | |a poisťovne zdravotné |
| 100 | 1 | |a Gášpárová, Eva | |